Cómo obtener buenos resultados del retroproyector

Uloženo v:
Podrobná bibliografie
Hlavní autor: Vidorreta García, Concha (Autor)
Médium: Kniha
Jazyk:španělština
Vydáno: Madrid Anaya 1979
Edice:Temas monográficos de educación
Témata:
Tagy: Přidat tag
Žádné tagy, Buďte první, kdo vytvoří štítek k tomuto záznamu!

MARC

LEADER 00000nam a2200000 a 4500
001 UCH8259
003 CL-VaPUC
008 091127e19790000SP |||||||||||||||||spa|d
020 |a 8420713937 
082 0 4 |a 778.2  |b VID  |2 21 
100 0 |a Vidorreta García, Concha  |e author  |9 544728 
245 1 0 |a Cómo obtener buenos resultados del retroproyector 
300 |a 71 p 
942 |c BK 
945 |d 20091127 00:00:00  |a ccalabra 
260 |a Madrid  |b Anaya  |c 1979 
650 0 |a Educación  |9 258661 
650 0 |a Medios audiovisuales  |9 269063 
650 0 |a Tecnología  |9 256742 
650 7 |a METODOS EDUCATIVOS  |2 CL-VaPUC  |9 327403 
583 |a last modification  |c 20091127 00:00:00  |k Rodrigo Vera 
490 0 |a Temas monográficos de educación 
999 |c 338490  |d 338488